000 00628nam a2200217Ia 4500
999 _c58291
_d58291
003 GCL
005 20240530110050.0
008 140319s9999 xx 000 0 ara d
040 _aGCL /
_cGCL
082 0 4 _a155.23
_bر م
100 1 _aريتشارد لن
245 1 0 _aمقدمة لدراسة الشخصية /
_cريتشارد ان
260 _a[S.N] :
_bدار المعرفة الجامعية ،
_c1990
300 _a177 ص
650 0 4 _aالانسان
650 0 4 _aعلم النفس
650 0 4 _aالشخصية
650 0 4 _aالادراك
700 1 _aاحمد محمد عبدالخالق
942 _2ddc
_cBK